000 00399nam a2200133 i 4500
001 bg
245 0 _aOrganizacja polityczna społeczeństwa :
_bpaństwo, partie polityczne, systemy partyjne /
_cpod red. Adolfa Dobieszewskiego.
260 _aWarszawa,
_c1980.
700 1 _aDobieszewski,
_bAdolf.
_eRed.
040 _cBPK
041 _apol
942 _cKS
008 s pl f |000 0 pol
999 _c21922
_d21922
856 _uhttp://koha.tu.koszalin.pl/cgi-bin/koha/opac-detail.pl?biblionumber=21922
_yKatalog online BPK